Hechizos /

Guardado en:
Autor Principal: Ana María Shua, 2014.
Formato: Libro
Idioma:Undetermined
Publicado: Buenos Aires : Emecé, 2014.
Edición:1ed.
Series:Cuentos fantásticos
Materias:
Etiquetas: Agregar Etiqueta
Sin Etiquetas, Sea el primero en etiquetar este registro!
LEADER 03384nam a22011535a 4500
001 CEM.cems019560
008 220922s2014####ag############000#0#und#d
005 20220922112503.0
245 1 0 |a Hechizos /  |c Ana María Shua. 
250 |a 1ed. 
260 |a Buenos Aires :  |b Emecé,  |c 2014. 
300 |a 115 p. ;  |c 12 cm. 
490 1 |a Colección de aula 
500 |a Literatura Infantil. 
505 0 |a Filtro de amor 
505 0 |a Mago, conejo y galera 
505 0 |a Alí babá 
505 0 |a Los enanos son mineros 
505 0 |a Ilusiones y malabares 
505 0 |a Profetas y cataclismos 
505 0 |a Espíritu 
505 0 |a Figura de chocolate 
505 0 |a La gitana 
505 0 |a El arte de la cabullería 
505 0 |a Las llaves del Sino 
505 0 |a Lejano oeste 
505 0 |a El iluso y los incrédulos 
505 0 |a Marchitarse de golpe 
505 0 |a Dudosa prueba 
505 0 |a Hipnotizador 
505 0 |a Caballo de carrera 
505 0 |a Mis muñecas 
505 0 |a Códice falso 
505 0 |a Gatos brujos 
505 0 |a Mago con serrucho 
505 0 |a La borra de café 
505 0 |a Un caso de vocación frustrada 
505 0 |a La pintura y la magia 
505 0 |a Terreno 
505 0 |a En la silla de ruedas 
505 0 |a Pirámide humana 
505 0 |a Aviso clasificado 
505 0 |a Grave esguince de tobillo 
505 0 |a Los amantes 
505 0 |a Los cadáveres 
505 0 |a Apenas me despierto 
505 0 |a La profesional 
505 0 |a Caníbales y exploradores 
505 0 |a Catulo: plegarias atendidas 
505 0 |a Problemas de los elefantes 
505 0 |a El que no espera 
505 0 |a Conjuro 
505 0 |a Bodas de diamante 
505 0 |a Hombre que huye 
505 0 |a Hechizo equivocado 
505 0 |a El que tiene el poder 
505 0 |a La fuente de la juventud 
505 0 |a Ermitaño 
505 0 |a El que guarda tiene 
505 0 |a Cisnes en el lago 
505 0 |a Espíritus malignos 
505 0 |a Las mujeres se pintan 
505 0 |a Responsabilidad de los chamanes 
505 0 |a A las escondidas 
505 0 |a Artistas del trapecio 
505 0 |a Antiguo cuento japonés 
505 0 |a Malos consejos 
505 0 |a Transformación de los cohombros 
505 0 |a La cábala 
505 0 |a Rumor en la corte 
505 0 |a El arte de las transformaciones 
505 0 |a Mago y sultán 
505 0 |a El demonio 
505 0 |a Problemas legales de las enredaderas 
505 0 |a Magia de los espejos 
505 0 |a La fiesta 
505 0 |a Mago desafortunado 
505 0 |a El viejo diablo 
505 0 |a El insuperables arte de Ma Liang 
505 0 |a Loto 
505 0 |a Mago que cree en su magia 
505 0 |a Vender el alma al diablo 
505 0 |a Séptimo hijo varón 
505 0 |a Transformaciones 
505 0 |a En la foto 
505 0 |a Genios encerrados en redomas 
505 0 |a Compra ésta lámpara 
505 0 |a La médium 
505 0 |a Sapo y princesa 
020 |a 978950043670 
100 1 |a Ana María Shua,  |d 2014. 
700 1 |a Ana María Shua,  |d 2014. 
830 0 |a Cuentos fantásticos 
653 |a Literatura Infantil 
653 |a Cuentos de terror 
653 |a Cuentos 
653 |a Literatura Argentina 
653 |a Cuentos Infantiles 
859 |a CEMS  |b BIB. CEMS - Inicial y Primaria  |h A868.4  |i Sh91  |k IP  |p 6504  |t Ej.1